The plays of Racine and Corneille

Uloženo v:
Podrobná bibliografie
Hlavní autor: Harris, Eugenie
Médium: Kniha
Jazyk:Undetermined
Vydáno: New York, Estados Unidos Monarch Press 1966
Témata:
Tagy: Přidat tag
Žádné tagy, Buďte první, kdo vytvoří štítek k tomuto záznamu!

MARC

LEADER 00000nam a2200000Ia 4500
008 170316s9999 xx 000 0 und d
040 |a cru BVZT 
090 |a C-840 H-1p 
100 |a Harris, Eugenie 
245 4 |a The plays of Racine and Corneille 
260 |a New York, Estados Unidos 
260 |b Monarch Press 
260 |c 1966 
300 |a 128 páginas 
650 |a LITERATURA FRANCESA 
650 |a CRÍTICA 
999 |c 12982  |d 12982 
942 |c 15 D  |h C-840 H-1p  |2 z